Ecoanimal: una estética plurisensorial, ecologista y animalista
Salvato in:
| Autore principale: | |
|---|---|
| Natura: | Libro |
| Lingua: | spagnolo |
| Pubblicazione: |
Madrid
Plaza y Valdés S.L
2019
|
| Edizione: | 1a. ed |
| Soggetti: | |
| Tags: |
Aggiungi Tag
Nessun Tag, puoi essere il primo ad aggiungerne!!
|
MARC
| LEADER | 00000cam a2200000 a 4500 | ||
|---|---|---|---|
| 001 | UCC8597 | ||
| 003 | CL-VaPUC | ||
| 005 | 20210902140553.0 | ||
| 008 | 190719e20190000sp |||||||||||||||||spa|d | ||
| 020 | |a 9788417121204 | ||
| 040 | |c Pontificia Universidad Católica de Valparaíso | ||
| 082 | 0 | 4 | |a 363.7 |b TAF |2 21 |
| 100 | |a Tafalla, Marta |e autora |9 603286 | ||
| 245 | 1 | 0 | |a Ecoanimal: una estética plurisensorial, ecologista y animalista |
| 250 | |a 1a. ed | ||
| 260 | |a Madrid |b Plaza y Valdés S.L |c 2019 | ||
| 300 | |a 362 p | ||
| 583 | |a last modification |c 20190719 13:28:00 |k Rodrigo Vera | ||
| 650 | 0 | |a Medio ambiente |9 257625 | |
| 650 | 0 | |a Protección del medio ambiente |9 257626 | |
| 650 | 0 | |a Ecología |9 258124 | |
| 942 | |c BK | ||
| 945 | |d 20190719 13:28:00 |a dcastane | ||
| 999 | |c 374871 |d 374869 | ||
| 952 | |0 0 |1 0 |3 erb |4 0 |6 363_700000000000000_TAF_2019 |7 0 |8 A |9 493610 |a BIBING |b BIBING |i 555571K |l 2 |m 1 |o 363.7 TAF 2019 |p 555571K |q 2025-04-01 |r 2025-03-18 |s 2025-03-18 |w 2019-11-24 |y BK |z Catalogado en:20190719 |k GEO | ||